Statistiques concernant QUIZ-Capitales d'Océanie avec les noms des pays

Cliquez ici pour prendre le quiz!

Statistiques générales

  • Ce quiz a été pris 43 fois
  • Le résultat moyen est 8 sur 14

Statistiques - réponses

PaysCapitale% Correct
AustralieCanberra
88%
Nouvelle-ZélandeWellington
85%
FidjiSuva
79%
Papouasie-Nouvelle-GuinéePort Moresby
71%
SalomonHoniara
65%
SamoaApia
62%
MicronésiePalikir
62%
VanuatuPort-Vila
62%
TuvaluFunafuti
59%
TongaNukuʻalofa
59%
KiribatiTarawa
59%
Îles MarshallDelap-Uliga-Darrit/Majuro
35%
PalaosMelekeok
21%
NauruYaren (de facto)
0%

Distribution des résultats

Percentile par nombre de réponses

% des personnes avec chaque résultat

Votre développement - résultats

Vous n’avez pas pris ce quiz